"Ohio" Lyrics by Neil Young - Statistics

General Stats
  • This quiz has been taken 30 times
  • The average score is 47 of 63
Answer Stats
Lyrics % Correct
Ohio
100%
Ohio
100%
Ohio
100%
I
95%
in
95%
in
95%
in
95%
the
95%
the
95%
and
86%
and
86%
dead
86%
dead
86%
dead
86%
dead
86%
four
86%
four
86%
four
86%
on
86%
on
86%
coming
81%
hear
81%
Nixon
81%
our
81%
own
81%
soldiers
81%
soldiers
81%
tin
76%
to
76%
we're
76%
are
71%
down
71%
down
71%
drumming
71%
get
71%
her
71%
her
71%
know
71%
summer
71%
this
71%
what
71%
you
71%
you
71%
you
71%
finally
67%
ground
67%
how
67%
if
67%
can
62%
knew
62%
us
62%
when
62%
gotta
57%
it
57%
ago
52%
run
52%
should
52%
been
48%
found
48%
have
48%
long
48%
gone
43%
cutting
38%
No matching quizzes found
Score Distribution
Percent of People with Each Score
Percentile by Number Answered
Your Score History
You have not taken this quiz